000 00550nam a22001817a 4500
005 20260513122756.0
008 260513b |||||||| |||| 00| 0 eng d
020 _a9781606498286
041 _aEng
082 _a339 GON
100 _aGoncalves, Marcus
245 _aAdvanced Economies and Emerging Markets: Prospects for Globalization
260 _aNew York
_bBusiness Expert Press
_c2014
300 _a405;. P. 22 cm
650 _aEconomics; Developing countries--Economic policy
700 _aAlves, Jose and Frota, Carlos M.
942 _cBK
999 _c46549
_d46549